Políticas educativas y territorios modelos de articulación entre niveles de gobierno /
Guardado en:
| Autor Principal: | |
|---|---|
| Formato: | Libro |
| Idioma: | Spanish |
| Publicado: |
Buenos Aires :
Instituto Internacional de Planeamiento de la Educación,
2010.
|
| Edición: | 1a. ed. |
| Materias: | |
| Etiquetas: |
Agregar Etiqueta
Sin Etiquetas, Sea el primero en etiquetar este registro!
|
| LEADER | 00618nam a22001695a 4500 | ||
|---|---|---|---|
| 001 | DER.der014300 | ||
| 008 | 191029s2010####ag############000#0#spa#d | ||
| 005 | 20260209142627.0 | ||
| 245 | 1 | 0 | |a Políticas educativas y territorios modelos de articulación entre niveles de gobierno / |c Dalila Andrade Oliveira [et. al.]. |
| 250 | |a 1a. ed. | ||
| 260 | |a Buenos Aires : |b Instituto Internacional de Planeamiento de la Educación, |c 2010. | ||
| 300 | |a 260 p. | ||
| 020 | |a 9789871439690 | ||
| 100 | 1 | |a Andrade Oliveira, Dalila. | |
| 650 | 7 | |a EDUCACIÓN | |
| 653 | |a Planeamiento Educativo | ||
| 859 | |a DERECHO |b BIB. DERECHO |h 371.2 |i AND |p 009570 | ||
